000 00485nam a2200169Ia 4500
003 OSt
005 20200623094611.0
008 190216s9999||||xx |||||||||||||| ||und||
040 _coclc
082 _a954.83
_bJOH/R
100 _aJohn, K J
_93108
245 4 _aThe Road To Diamper /
_cK J John
260 _bKerala Latin Catholic History Association,
_aCochin:
_c1999.
300 _a233p
650 _aHistory
942 _cBK
_2ddc
_h954.83
_iJOH/R
_k954.83
_mJOH/R
999 _c20961
_d20961